000 00380nam a2200145Ia 4500
008 240624s9999 xx 000 0 und d
041 _aeng
082 _a338.5024658 THO
100 _aTHOMAS CHRISTOPHER R
245 _aMANAGERIAL ECONOMICS
250 _a(9th ed.)
260 _c2011
_aNew Delhi
_bMcGraw-Hill Companies
300 _axxiii,764 : p. : cm. ; 24
365 _cRS
_b33
999 _c25455
_d25455